• 首页
  • 本馆介绍
  • 公告通知
  • 最新文献
  • 馆藏检索
  • 电子资源
  • 读者导购
  • 参考咨询
  • 我的图书馆
  • 登录
  • 详细信息显示
  • 放入我的书架
  • 预约/预借图书
  • 作者相关作品
  • 分类相关作品
  • 丛书相关作品
  • 出版社相关作品

书目信息

  • 表格格式
  • 工作单格式
  • 卡片格式
题名:
信息光学基础
    
 
作者: 朱伟利 , 盛嘉茂 编著
分册:  
出版信息: 北京   中央民族学院出版社  1997
页数: 309页
开本: 20cm
丛书名:
单 册:
中图分类: O438
科图分类:
主题词: 光学
电子资源:
ISBN: 7-81001-794-2
000 00598nam0 2200205 450
001 0739433562
005 20070925100712.68
010    @a7-81001-794-2@dCNY13.00
100    @a20070922d1997 km y0chiy0120 ea
101 0  @achi
102    @aCN@b110000
200 1  @a信息光学基础@Axin xi guang xue ji chu@f朱伟利,盛嘉茂编著@Fzhu wei li,sheng jia mao bian zhu
210    @a北京@c中央民族学院出版社@d1997
215    @a309页@d20cm
606 0  @a光学
690    @aO438@v3
701  0 @a朱伟利@Azhu wei li@4编著
701  0 @a盛嘉茂@Asheng jia mao@4编著
801  0 @aCN@bPFT@c20070925
905    @a10447@dO438@e40
    
    信息光学基础/朱伟利,盛嘉茂编著.-北京:中央民族学院出版社,1997
    309页;20cm
    
    
    ISBN 7-81001-794-2:CNY13.00
    
●
相关链接 在E读中查询图书 在五车中查询图书 在当当中查询图书 在豆瓣中查询图书


正题名:信息光学基础     索取号:O438/40         预约/预借

序号 登录号 条形码 馆藏地/架位号 状态 备注
1 0609731   206097310   密集书库/ [索取号:O438/40] 在馆    
2 0625999   206259993   第二样本阅览室/ [索取号:O438/40] 在馆    
唐山师范学院图书馆 欢迎您!
大连网信软件有限公司© 版权所有